|
|
|
|
| LEADER |
01073cam a2200277 7i4500 |
| 001 |
0000056345 |
| 005 |
20201209090000.0 |
| 020 |
|
|
|a 0750307080 (electronic book)
|
| 020 |
|
|
|a 9780750307086 (electronic book)
|
| 090 |
0 |
0 |
|a RC271.R27
|b B35 2007
|
| 100 |
1 |
|
|a Baltas, D
|
| 245 |
1 |
4 |
|a The physics of modern brachytherapy for oncology
|c D. Baltas, L. Sakelliou, N. Zamboglou.
|
| 264 |
|
1 |
|a Boca Raton, FL:
|b Taylor & Francis,
|c 2007.
|
| 300 |
|
|
|a 1 online resource (647 pages):
|b illustrations, text file, PDF.
|
| 336 |
|
|
|a text
|2 rdacontent
|
| 337 |
|
|
|a computer
|2 rdamedia
|
| 338 |
|
|
|a online resource
|2 rdacarrier
|
| 490 |
0 |
|
|a Series in medical physics and biomedical engineering
|
| 650 |
|
0 |
|a Radioisotope brachytherapy
|
| 655 |
|
0 |
|a Electronic books
|
| 700 |
1 |
|
|a Sakelliou, L.
|
| 700 |
1 |
|
|a Zamboglou, N.
|
| 856 |
4 |
2 |
|u http://library.unisel.edu.my/equip-unisel/custom/ebook_catalog/ebook/Thephysicsofmodernbrachytherapyforoncology.pdf
|
| 997 |
|
|
|a Health Sciences, Faculty
|
| 998 |
|
|
|a Nursing, Diploma
|
| 999 |
|
|
|a EBO0002559
|b EBOOK
|c EBOOK
|e Electronic resources
|